Fr. Conceicao Rodrigues College of Engineering

Automata and computability (Record no. 32138)

MARC details
000 -LEADER
fixed length control field 00326nam a2200157Ia 4500
082 ## - DEWEY DECIMAL CLASSIFICATION NUMBER
Item number KOZ
100 ## - MAIN ENTRY--PERSONAL NAME
Personal name Kozen/Dexter C
245 ## - TITLE STATEMENT
Title Automata and computability
260 ## - PUBLICATION, DISTRIBUTION, ETC.
Name of publisher, distributor, etc. Springer
Date of publication, distribution, etc. 1997
366 ## - TRADE AVAILABILITY INFORMATION
Publishers's discount category 25
300 ## - PHYSICAL DESCRIPTION
Extent 400
546 ## - LANGUAGE NOTE
Language note ENGLISH
-- electronics
650 ## - SUBJECT ADDED ENTRY--TOPICAL TERM
Topical term or geographic name entry element Automata
654 ## - SUBJECT ADDED ENTRY--FACETED TOPICAL TERMS
Focus term automata
942 ## - ADDED ENTRY ELEMENTS (KOHA)
Koha item type Reference Book
Holdings
Withdrawn status Lost status Damaged status Not for loan Collection Home library Current library Date acquired Source of acquisition Cost, normal purchase price Inventory number Total Checkouts Full call number Barcode Date last seen Cost, replacement price Price effective from Koha item type
        CRC Fr. Agnel's C.Rodrigues College of Engineering Fr. Agnel's C.Rodrigues College of Engineering 17/03/2023 Allied Publishers 3507.89 1282 dt 21.03.2017   KOZ 24704 17/03/2023 4677.19   Reference Book